All Books By Alan Gratz - Statistics

General Stats
  • This quiz has been taken 12 times
  • The average score is 6 of 19
Answer Stats
Year Released Book % Correct
2017 Refugee
78%
2021 Ground Zero
67%
2024 Heroes
67%
2019 Allies
56%
2015 Code of Honor
56%
2018 Grenade
56%
2013 Prisoner B-3087
56%
2016 Projekt 1065
56%
2022 Two Degrees
56%
2017 Ban This Book
33%
2023 Captain America: The Ghost Army
22%
2020 Resist
11%
2007 Something Rotten
11%
2014 The League of Seven
11%
2011 Fantasy Baseball
0%
2006 Samurai Shortstop
0%
2012 Starfleet Academy: The Assassination Game
0%
2015 The Dragon Lantern
0%
2016 The Monster War
0%
No matching quizzes found
Score Distribution
Percent of People with Each Score
Percentile by Number Answered
Your Score History
You have not taken this quiz